000 00290nam a22001337a 4500
008 190226b xxu||||| |||| 00| 0 eng d
020 _a9780415548151
041 _aeng
080 _a574
100 _a9
101 _aMJE
245 _aGlobal Political Ecology
_cPeet, R
942 _2udc
_cBK
999 _c54317
_d54317